Mexican anarchism after the revolution /

Bibliographic Details
Main Author: Hodges, Donald C. (Donald Clark), 1923-2009
Format: Book
Language:English
Published: Austin : University of Texas Press, 1995.
Edition:1st ed.
Subjects:

MARC

Tag First Indicator Second Indicator Subfields
LEADER 00000cam a22000008a 4500
001 in00001237994
005 20151003061209.0
008 940512s1995 txu s001 0 eng
010 |a  94020488  
020 |a 0292730934 (alk. paper) 
020 |a 0292730977 (pbk.) 
035 |a (OCoLC)30624150 
035 |9 AGS3799AM 
040 |a DLC  |c DLC  |d GZM  |d TXA  |d UtOrBLW 
043 |a n-mx--- 
049 |a TXAM 
050 0 0 |a HX851  |b .H63 1995 
082 0 0 |a 335/.83/09720904  |2 20 
100 1 |a Hodges, Donald C.  |q (Donald Clark),  |d 1923-2009. 
245 1 0 |a Mexican anarchism after the revolution /  |c Donald C. Hodges. 
250 |a 1st ed. 
264 1 |a Austin :  |b University of Texas Press,  |c 1995. 
300 |a xiv, 251 pages ;  |c 23 cm. 
336 |a text  |b txt  |2 rdacontent 
337 |a unmediated  |b n  |2 rdamedia 
338 |a volume  |b nc  |2 rdacarrier 
504 |a Includes bibliographical references and index. 
650 0 |a Anarchism  |z Mexico  |x History  |y 20th century. 
651 0 |a Mexico  |x Politics and government  |y 1910-1946. 
999 |a MARS 
999 f f |s 54dce22a-ef75-34b7-971a-ba457bed1492  |i 38276b0b-6291-3456-832b-ac054ce74956  |t 0 
952 f f |p normal  |a Texas A&M University  |b College Station  |c Sterling C. Evans Library  |d Evans: Library Stacks  |t 0  |e HX851 .H63 1995  |h Library of Congress classification  |i unmediated -- volume  |m A14819060658 
998 f f |a HX851 .H63 1995  |t 0  |l Evans: Library Stacks